| 000 | 00000nam 2200000zi 4500 |
| 001 | 9.941084 |
| 003 | CaOODSP |
| 005 | 20240725160440 |
| 006 | m o d f |
| 007 | cr mn||||||||| |
| 008 | 240725s1988 onc o f000 0 fre d |
| 040 | |aCaOODSP|bfre|erda|cCaOODSP |
| 043 | |an-cn--- |
| 086 | 1 |aC23-277/1988F-PDF |
| 245 | 00|aPrincipaux critères d'évaluation de la performance des commerces de détail. |
| 264 | 1|a[Ottawa] : |bGouvernement du Canada, Expansion industrielle régionale = Government of Canada, Regional Industrial Expansion, |c[1988] |
| 300 | |a1 ressource en ligne (ii, 36 pages) |
| 336 | |atexte|btxt|2rdacontent/fre |
| 337 | |ainformatique|bc|2rdamedia/fre |
| 338 | |aressource en ligne|bcr|2rdacarrier/fre |
| 500 | |aÉdition numérisée de l'imprimé [par Innovation, sciences et développement économique Canada]. |
| 500 | |aPublié aussi en anglais sous le titre : Key performance measures for retail businesses. |
| 650 | 6|aCommerce de deĢtail|xGestion. |
| 650 | 6|aPetites et moyennes entreprises|xGestion. |
| 710 | 1 |aCanada. |bMinistère de l'expansion industrielle régionale, |eorganisme de publication. |
| 775 | 08|tKey performance measures for retail businesses.|w(CaOODSP)9.899363 |
| 856 | 40|qPDF|s572 Ko|uhttps://publications.gc.ca/collections/collection_2024/isde-ised/c23/C23-277-1988-fra.pdf |